[Event "ESP-ch U16 rapid"]
[Site "Salobrena"]
[Date "2023.07.30"]
[Round "7"]
[White "Cabanas Lopez, Eduardo"]
[Black "Leone Amigot, Haymar"]
[Result "1/2-1/2"]
[WhiteElo "1687"]
[BlackElo "1901"]
[PlyCount "155"]
[EventDate "2023.07.29"]
[EventType "swiss (rapid)"]
[EventRounds "9"]
[EventCountry "ESP"]
[SourceTitle "EXT 2024"]
[Source "ChessBase"]
[SourceDate "2023.10.10"]
[SourceVersion "1"]
[SourceVersionDate "2023.10.10"]
[SourceQuality "1"]

1. d4 Nf6 2. Nf3 e6 3. e3 d5 4. Bd3 c5 5. c3 Nc6 6. Nbd2 b6 7. 0-0 Bb7 8. Qe2 Qd7 9. Re1 Be7 10. dxc5 Bxc5 11. e4 0-0-0 12. exd5 Qxd5 13. Bc4 Qh5 14. h3 Rd7 15. Nb3 Bd6 16. Nbd4 Rhd8 17. Nb5 Bb8 18. Be3 Nd5 19. Bxd5 Rxd5 20. Nfd4 Qxe2 21. Rxe2 Ne7 22. Na3 e5 23. Ndc2 Nf5 24. Rae1 Nxe3 25. Rxe3 f6 26. Nb4 R5d7 27. f3 Bd6 28. R3e2 Bc5+ 29. Kh2 a5 30. Nbc2 Ba6 31. c4 Rd1 32. Rxd1 Rxd1 33. Nb5 Bxb5 34. cxb5 Rb1 35. Ne1 Bd4 36. b3 Kd7 37. Nc2 Bc5 38. Ne1 Kd6 39. Nd3 Bd4 40. Kg3 Rd1 41. Nb2 Ra1 42. Nc4+ Kc5 43. Na3 Rc1 44. f4 exf4+ 45. Kxf4 Be5+ 46. Kf5 Kb4 47. Nc4 Kxb5 48. Nxe5 fxe5 49. Rxe5+ Kb4 50. Re2 Rc6 51. g4 Ka3 52. h4 b5 53. g5 Rd6 54. h5 g6+ 55. hxg6 Rxg6 56. Rh2 Rg7 57. Kf6 Rc7 58. Rg2 Kb4 59. Re2 Ka3 60. Re7 Rc6+ 61. Re6 Rxe6+ 62. Kxe6 Kxa2 63. Kf7 Kxb3 64. Kg7 a4 65. Kxh7 a3 66. g6 a2 67. g7 a1Q 68. g8Q+ Kb4 69. Qf8+ Kc4 70. Qf7+ Kb4 71. Qe7+ Kb3 72. Qe6+ Kb4 73. Qd6+ Kb3 74. Qd5+ Kb4 75. Qd6+ Kc4 76. Qe6+ Kd3 77. Qf5+ Kc4 78. Qe6+ 1/2-1/2

[Event "ESP-ch U16 rapid"]
[Site "Salobrena"]
[Date "2023.07.30"]
[Round "9"]
[White "Cabanas Lopez, Eduardo"]
[Black "Murcia Vivancos, Tomas"]
[Result "1-0"]
[WhiteElo "1687"]
[BlackElo "1265"]
[PlyCount "119"]
[EventDate "2023.07.29"]
[EventType "swiss (rapid)"]
[EventRounds "9"]
[EventCountry "ESP"]
[SourceTitle "EXT 2024"]
[Source "ChessBase"]
[SourceDate "2023.10.10"]
[SourceVersion "1"]
[SourceVersionDate "2023.10.10"]
[SourceQuality "1"]

1. d4 Nf6 2. Nf3 c5 3. e3 g6 4. Bd3 Bg7 5. c3 d6 6. Nbd2 0-0 7. e4 a6 8. Qe2 Nc6 9. dxc5 dxc5 10. 0-0 Qc7 11. Re1 Nd7 12. Nc4 b5 13. Ne3 c4 14. Bc2 Nde5 15. Nd5 Qb7 16. h3 e6 17. Nxe5 Nxe5 18. Ne3 Rd8 19. Ng4 Nd3 20. Rd1 h5 21. Nh2 Bd7 22. Bxd3 cxd3 23. Qxd3 Bc6 24. Qxd8+ Rxd8 25. Rxd8+ Kh7 26. Nf3 f6 27. Be3 Bxe4 28. Rad1 Bd5 29. Rd6 Bf8 30. Rb6 Qc7 31. Rxa6 Bc5 32. Bxc5 Qxc5 33. a4 bxa4 34. Rxa4 Qb5 35. Rb4 Qe2 36. Rd2 Qa6 37. c4 Qa5 38. cxd5 Qxb4 39. d6 Qc5 40. d7 Qc1+ 41. Kh2 Qc7+ 42. g3 Qd8 43. b4 Kg7 44. b5 Kf7 45. b6 Ke7 46. b7 e5 47. b8Q Qxb8 48. d8Q+ Qxd8 49. Rxd8 Kxd8 50. Kg2 Ke7 51. Kf1 Ke6 52. Ke2 f5 53. Ke3 Kf6 54. h4 e4 55. Ng5 Ke5 56. Nh3 Kf6 57. Kf4 Kf7 58. Kg5 Kg7 59. Nf4 Kf7 60. Nxg6 1-0

[Event "Santiago de Compostela Bicapawn GP Rap"]
[Site "Santiago de Compostela"]
[Date "2022.10.22"]
[Round "1"]
[White "Cabanas Lopez, Eduardo"]
[Black "Grigoryan, Karen H"]
[Result "0-1"]
[WhiteElo "1723"]
[BlackElo "2617"]
[PlyCount "64"]
[EventDate "2022.10.22"]
[EventType "swiss (rapid)"]
[EventRounds "9"]
[EventCountry "ESP"]
[SourceTitle "CBM 210 Extra"]
[Source "ChessBase"]
[SourceDate "2022.11.30"]
[SourceVersion "1"]
[SourceVersionDate "2022.11.30"]
[SourceQuality "1"]

1. d4 g6 2. Nf3 Bg7 3. e3 d6 4. Be2 Nd7 5. c4 e5 6. Nc3 f5 7. dxe5 Nxe5 8. 0-0 Ne7 9. Rb1 0-0 10. Nd5 N7c6 11. b3 Nxf3+ 12. Bxf3 Ne5 13. Be2 c6 14. Nf4 Qe7 15. Bb2 a5 16. Qc2 a4 17. b4 Be6 18. Nxe6 Qxe6 19. a3 f4 20. exf4 Rxf4 21. Bxe5 Bxe5 22. Qd2 Raf8 23. g3 Qh3 24. Bd3 Rh4 25. f4 Bd4+ 26. Kh1 Qxg3 27. Be4 Rfxf4 28. Rxf4 Qxf4 29. Qxf4 Rxf4 30. Re1 Be5 31. Re2 Rf1+ 32. Kg2 Ra1 0-1

[Event "Galicia-ch U14"]
[Site "Padron"]
[Date "2022.02.28"]
[Round "6"]
[White "Cabanas Lopez, Eduardo"]
[Black "Fonteboa Lopez, Samuel"]
[Result "1/2-1/2"]
[WhiteElo "1415"]
[BlackElo "1422"]
[PlyCount "61"]
[EventDate "2022.02.26"]
[EventType "swiss"]
[EventRounds "8"]
[EventCountry "ESP"]
[SourceTitle "EXT 2023"]
[Source "ChessBase"]
[SourceDate "2022.10.05"]
[SourceVersion "1"]
[SourceVersionDate "2022.10.05"]
[SourceQuality "1"]

1. Nf3 e6 2. e3 d5 3. d4 c5 4. c3 Nc6 5. Bd3 Nf6 6. Nbd2 cxd4 7. exd4 Bd6 8. 0-0 0-0 9. Re1 Qc7 10. h3 Bd7 11. Nf1 h6 12. Bd2 Rfe8 13. Qc2 e5 14. dxe5 Nxe5 15. Nxe5 Bxe5 16. Qb3 Bc6 17. Bb5 Ne4 18. Be3 Re6 19. Nd2 Nxd2 20. Bxd2 Rae8 21. Bxc6 bxc6 22. Kf1 Bf4 23. Rxe6 Rxe6 24. Bxf4 Qxf4 25. Kg1 Re2 26. Rf1 Qc7 27. Qb4 a5 28. Qb3 Qa7 29. Qa4 Qb6 30. Qg4 Rxb2 31. Qc8+ 1/2-1/2